Adolescentes violentos : (Registro nro. 62878)
[ vista simple ]
| 000 -LEADER | |
|---|---|
| fixed length control field | 00890nam a2200253 a 4500 |
| 001 - CONTROL NUMBER | |
| control field | 62878 |
| 005 - DATE AND TIME OF LATEST TRANSACTION | |
| control field | 20180714065054.0 |
| 008 - FIXED-LENGTH DATA ELEMENTS--GENERAL INFORMATION | |
| fixed length control field | 150612s2012 sp r 000 0 spa d |
| 020 ## - INTERNATIONAL STANDARD BOOK NUMBER | |
| International Standard Book Number | 9788425429187 |
| 041 0# - LANGUAGE CODE | |
| Language code of text/sound track or separate title | spa |
| 082 0# - DEWEY DECIMAL CLASSIFICATION NUMBER | |
| Classification number | 155.5 |
| Item number | BAL |
| 100 1# - MAIN ENTRY--PERSONAL NAME | |
| Personal name | Balbi, Elisa, |
| Relator term | autor |
| 245 10 - TITLE STATEMENT | |
| Title | Adolescentes violentos : |
| Remainder of title | con los otros, con ellos mismos / |
| Statement of responsibility, etc. | Elisa Balbi, Elena Boggiani, Michele Dolci, Giulia Rinaldi, traducción de Maria Pns Irazazábal. |
| 250 ## - EDITION STATEMENT | |
| Edition statement | [Primera edición] |
| 264 #1 - PRODUCTION, PUBLICATION, DISTRIBUTION, MANUFACTURE, AND COPYRIGHT NOTICE | |
| Place of production, publication, distribution, manufacture | España : |
| Name of producer, publisher, distributor, manufacturer | Herder Editorial, |
| Date of production, publication, distribution, manufacture, or copyright notice | 2012 |
| 300 ## - PHYSICAL DESCRIPTION | |
| Extent | 189 páginas ; |
| Dimensions | 22 cm. |
| 336 ## - CONTENT TYPE | |
| Content type term | texto |
| Source | rdacontent |
| 337 ## - MEDIA TYPE | |
| Media type term | sin mediación |
| Source | rdamedia |
| 338 ## - CARRIER TYPE | |
| Carrier type term | volumen |
| Source | rdacarrier |
| 650 #4 - SUBJECT ADDED ENTRY--TOPICAL TERM | |
| Topical term or geographic name entry element | Psicología del adolescente |
| General subdivision | Adolescentes |
| 700 1# - ADDED ENTRY--PERSONAL NAME | |
| Personal name | Boggiani, Elena, |
| Relator term | autor |
| 700 1# - ADDED ENTRY--PERSONAL NAME | |
| Personal name | Pons Irazazábal, María |
| Relator term | traductor |
| 740 0# - ADDED ENTRY--UNCONTROLLED RELATED/ANALYTICAL TITLE | |
| Uncontrolled related/analytical title | Adolescenti violenti |
| Withdrawn status | Lost status | Source of classification or shelving scheme | Damaged status | Not for loan | Collection code | Home library | Current library | Shelving location | Date acquired | Source of acquisition | Inventory number | Total Checkouts | Total Renewals | Full call number | Barcode | Date last seen | Date last checked out | Price effective from | Koha item type |
|---|---|---|---|---|---|---|---|---|---|---|---|---|---|---|---|---|---|---|---|
| Dewey Decimal Classification | General | Biblioteca Karol Wojtyla | Biblioteca Karol Wojtyla | Sala general | 12/06/2015 | Compra | 151000000000000000064021 | 4 | 1 | 155.5 BAL 2012 | 94076 | 05/01/2026 | 26/08/2023 | 08/12/2016 | Libro |